00823cam a2200229 a 450000100100000000500170001000800410002701000130006802000150008104000300009608200170012610000400014324500440018326000800022730000250030765100380033265000300037065000280040091000330042895201150046199900170057600001911420200929165927.0871016s1944 xxu 000 1 eng  a87028334 a0192817752 aDO-SdBNPcDLCdDLCdBNPHU a828.8bD548p1 aDickens, Charles,d1812-1870.9144214aThe Pickwick papers /cCharles Dickens. aNew York :bInternational Colector´s Library American Headquarters,c1944. axv, 687 p. ;c19 cm. 4aEscritos VariosxFicción941131 4aHistorias de humor941132 4aLiteratura inglesa9498 aCatalogación derivada / LC 001050718MOaGRbGRcCTd2010-05-25iLF1l0o828.8 D548pp19114-10r2020-06-25w2020-06-25y1ZNo se presta c18632d18632